Giáo trình bơi lội Giáo trình dành cho sinh viên cao đẳng Thể dục Thể thao

Giới thiệu khái quát môn bơi lội, nguyên lí kĩ thuật bơi, phương pháp giảng dạy, huấn luyện bơi lội, thực hành tổ chức thi đấu

Сохранить в:
Библиографические подробности
Главный автор: Nguyễn Văn Trạch
Другие авторы: Ngũ Duy Anh (b.s)
Формат:
Язык:Vietnamese
Опубликовано: H. Đại học Sư phạm 2003
Предметы:
Метки: Добавить метку
Нет меток, Требуется 1-ая метка записи!
Thư viện lưu trữ: Mạng thư viện Đại học Đà Nẵng
LEADER 01330nam a2200349 4500
001 000009443
003 5640
005 20111027141002.0
008 111027s2003 viesd
041 0 |a vie 
082 |a 797.2  |b NG-T 
100 0 |a Nguyễn Văn Trạch 
245 0 |a Giáo trình bơi lội  |b Giáo trình dành cho sinh viên cao đẳng Thể dục Thể thao  |c B.s: Nguyễn Văn Trạch (ch.b), Ngũ Duy Anh 
260 |a H.  |b Đại học Sư phạm  |c 2003 
300 |a 216tr.  |b hình vẽ, bảng  |c 24cm 
504 |a Thư mục: tr. 216 
520 |a Giới thiệu khái quát môn bơi lội, nguyên lí kĩ thuật bơi, phương pháp giảng dạy, huấn luyện bơi lội, thực hành tổ chức thi đấu 
653 |a Giáo trình 
653 |a Bơi 
653 |a Huấn luyện 
653 |a Thi đấu 
700 |a Ngũ Duy Anh  |e b.s 
OWN |a LSP 
AVA |a UDN50  |b LSP  |d 797.2 NG-T  |e available  |t Error 5001 Not defined in file expand_doc_bib_avail.  |f 3  |g 0  |h N  |i 0  |k 1 
999 |a From the UDN01 
AVA |a UDN50  |b LSP  |d 797.2 NG-T  |e available  |t Error 5001 Not defined in file expand_doc_bib_avail.  |f 3  |g 0  |h N  |i 0  |k 1 
TYP |a Monograph 
TYP |a Printed language 
980 |a Mạng thư viện Đại học Đà Nẵng